| 000 | 00496nam a22001697a 4500 | ||
|---|---|---|---|
| 003 | CEME | ||
| 005 | 20210628202837.0 | ||
| 008 | 210118b xxu||||| |||| 00| 0 eng d | ||
| 040 | _cceme | ||
| 082 | _a515.353 PAR | ||
| 100 |
_aMathworks _961924 |
||
| 245 | _aPartial differential equation toolbox slides, for use with matlab | ||
| 260 |
_aUSA _bTHE MATH WORKS _c2006 |
||
| 300 | _a170P | ||
| 650 |
_aPARTIAL DIFFERENTIAL EQUATION TOOLBOX SLIDES FOR USE WITH MATLAB _961925 |
||
| 942 |
_cBK _2ddc |
||
| 999 |
_c571205 _d571205 |
||